Statistics for All Mario Games (Western Releases)

Click here to take the quiz!

General Stats

  • This quiz has been taken 11 times
  • The average score is 54 of 282

Answer Stats

SystemInitial Release YearAnswer% Correct
Game & Watch1986Super Mario Bros.
89%
Nintendo Entertainment System1985Super Mario Bros.
89%
Nintendo Mini Classics1998Super Mario Bros.
89%
Nintendo Game Boy Advance2004Classic NES Series: Super Mario Bros:
78%
Game & Watch2020Game & Watch: Super Mario Bros.
78%
Switch eShop2018Arcade Archives: Donkey Kong
56%
Nintendo Game Boy Advance2004Classic NES Series: Donkey Kong
56%
Nintendo Mini Classics1998Donkey Kong
56%
Nintendo Entertainment System (port)1983Donkey Kong
56%
Game & Watch1982Donkey Kong
56%
Nintendo Game Boy1994Donkey Kong
56%
Nintendo Game Boy Color2000Mario Tennis
56%
Nintendo 642000Mario Tennis
56%
Nintendo Entertainment System1988Super Mario Bros. 2
56%
Nintendo Entertainment System1991Yoshi
56%
Nintendo Game Boy1991Yoshi
56%
Switch eShop2019Arcade Archives: Golf
44%
Nintendo Game Boy Advance2004Classic NES Series: Dr. Mario
44%
Nintendo Entertainment System1990Dr. Mario
44%
Nintendo Game Boy1989Dr. Mario
44%
Nintendo 3DS2018Luigi's Mansion
44%
Nintendo Gamecube2001Luigi's Mansion
44%
Nintendo Switch2019Luigi's Mansion 3
44%
Nintendo 3DS2013Luigi's Mansion: Dark Moon
44%
Nintendo Entertainment System (port)1983Mario Bros.
44%
Game & Watch1983Mario Bros.
44%
Nintendo Game Boy Color1999Mario Golf
44%
Nintendo 641999Mario Golf
44%
Nintendo Wii2008Mario Kart Wii.
44%
Nintendo Wii2008Mario Super Sluggers
44%
Nintendo Wii2009New Play Control! Mario Power Tennis
44%
Nintendo Entertainment System1988Super Mario Bros. 3
44%
Nintendo Wii2007Super Mario Galaxy
44%
Nintendo Wii2010Super Mario Galaxy 2
44%
Nintendo Switch2017Super Mario Odyssey
44%
Super Nintendo Entertainment System1995Super Mario World 2: Yoshi's Island
44%
Super Nintendo Entertainment System1994Tetris & Dr. Mario
44%
Nintendo Virtual Boy1995Virtual Boy Wario Land
44%
Switch eShop2018Arcade Archives: Donkey Kong Jr.
33%
Nintendo Entertainment System (port)1983Donkey Kong Jr.
33%
Game & Watch1982Donkey Kong Jr.
33%
Nintendo Mini Classics1998Donkey Kong Jr.
33%
DSiWare2009Game & Watch: Donkey Kong Jr.
33%
Nintendo Gamecube2003Mario Golf: Toadstool Tour
33%
Nintendo 3DS2014Mario Golf: World Tour
33%
Nintendo DS2006Mario Hoops 3-on-3
33%
Nintendo 3DS2011Mario Kart 7
33%
Nintendo Wii U2014Mario Kart 8
33%
Nintendo DS2005Mario Kart DS
33%
Nintendo 641998Mario Party
33%
Nintendo Wii U2015Mario Party 10
33%
Nintendo 641999Mario Party 2
33%
Nintendo 642000Mario Party 3
33%
Nintendo Gamecube2002Mario Party 4
33%
Nintendo Gamecube2003Mario Party 5
33%
Nintendo Gamecube2004Mario Party 6
33%
Nintendo Gamecube2005Mario Party 7
33%
Nintendo Wii2007Mario Party 8
33%
Nintendo Wii2012Mario Party 9
33%
Nintendo Gamecube2004Mario Power Tennis
33%
Nintendo Virtual Boy1995Mario's Tennis
33%
Nintendo Wii2007Mario Strikers Charged
33%
Nintendo 3DS2012Mario Tennis Open
33%
Nintendo Wii U2015Mario Tennis: Ultra Smash
33%
Nintendo 642000Paper Mario
33%
Nintendo 641996Super Mario 64
33%
Super Nintendo Entertainment System1992Super Mario Kart
33%
Nintendo Game Boy1989Super Mario Land
33%
Nintendo Switch2018Super Mario Party
33%
Nintendo Gamecube2005Super Mario Strikers
33%
Nintendo Gamecube2002Super Mario Sunshine
33%
Super Nintendo Entertainment System1990Super Mario World
33%
Nintendo Game Boy Advance2001Super Mario World: Super Mario Advance 2
33%
Switch eShop2019Arcade Archives: Donkey Kong 3
22%
Nintendo Entertainment System (port)1984Donkey Kong 3
22%
Game & Watch1984Donkey Kong 3
22%
Nintendo DS2009Mario & Luigi: Bowser's Inside Story
22%
Nintendo 3DS2018Mario & Luigi: Bowser's Inside Story + Bowser Jr's Journey
22%
Nintendo 3DS2013Mario & Luigi: Dream Team
22%
Nintendo 3DS2015Mario & Luigi: Paper Jam
22%
Nintendo DS2005Mario & Luigi: Partners in Time
22%
Nintendo Game Boy Advance2003Mario & Luigi: Superstar Saga
22%
Nintendo 3DS2017Mario & Luigi: Superstar Saga + Bowser's Minions
22%
Nintendo Switch2021Mario Golf Super Rush
22%
Nintendo 641996Mario Kart 64
22%
Nintendo Switch2017Mario Kart 8 Deluxe
22%
Nintendo Gamecube2003Mario Kart: Double Dash!!
22%
Nintendo Game Boy Advance2001Mario Kart: Super Circuit
22%
iOS/Android2019Mario Kart Tour
22%
Nintendo Game Boy Advance2005Mario Party Advance
22%
Nintendo DS2007Mario Party DS
22%
Nintendo 3DS2013Mario Party: Island Tour
22%
Nintendo 3DS2016Mario Party: Star Rush
22%
Nintendo Switch2021Mario Party Superstars
22%
Nintendo 3DS2017Mario Party: The Top 100
22%
Nintendo Switch2017Mario + Rabbids Kingdom Battle
22%
Nintendo Switch2022Mario Strikers: Battle League
22%
Nintendo Gamecube2005Mario Superstar Baseball
22%
Nintendo Switch2018Mario Tennis Aces
22%
Nintendo Game Boy Advance2005Mario Tennis: Power Tour
22%
Nintendo Game Boy Advance2004Mario vs. Donkey Kong
22%
Nintendo DS2006New Super Mario Bros.
22%
Nintendo 3DS2012New Super Mario Bros. 2
22%
Nintendo Wii U2012New Super Mario Bros. U
22%
Nintendo Switch2019New Super Mario Bros. U Deluxe
22%
Nintendo Wii2009New Super Mario Bros. Wii
22%
Nintendo Wii U2016Paper Mario: Color Splash
22%
Nintendo 3DS2012Paper Mario: Sticker Star
22%
Nintendo Switch2020Paper Mario: The Origami King
22%
Nintendo Gamecube2004Paper Mario: The Thousand-Year Door
22%
Nintendo Switch2020Super Mario 3D All-Stars
22%
Nintendo 3DS2011Super Mario 3D Land
22%
Nintendo Wii U2013Super Mario 3D World
22%
Nintendo Switch2021Super Mario 3D World + Bowser's Fury
22%
Nintendo Game Boy Advance2001Super Mario Advance
22%
Nintendo Game Boy Advance2003Super Mario Advance 4: Super Mario Bros. 3
22%
Switch eShop2020Super Mario Bros. 35
22%
Nintendo Game Boy1992Super Mario Land 2: 6 Golden Coins
22%
Nintendo Wii U2015Super Mario Maker
22%
Nintendo Switch2019Super Mario Maker 2
22%
Nintendo 3DS2016Super Mario Maker for Nintendo 3DS
22%
Super Nintendo Entertainment System1996Super Mario RPG: Legend of the Seven Stars
22%
iOS/Android2016Super Mario Run
22%
Nintendo Wii2007Super Paper Mario
22%
Nintendo DS2005Super Princess Peach
22%
Nintendo 641999Super Smash Bros.
22%
Nintendo Game Boy Color2000Wario Land 3
22%
Nintendo Gamecube2003Wario World
22%
Nintendo DS2006Yoshi's Island DS
22%
Nintendo Game Boy Advance2002Yoshi's Island: Super Mario Advance 3
22%
Nintendo 3DS2014Yoshi's New Island
22%
Nintendo 641997Yoshi's Story
22%
Switch eShop2019Arcade Archives: Pinball
11%
Nintendo DS2007DK: Jungle Climber
11%
Nintendo Game Boy Advance2005DK: King of Swing
11%
Nintendo 641999Donkey Kong 64
11%
Nintendo Gamecube2004Donkey Konga
11%
Nintendo Wii2007Donkey Kong Barrel Blast
11%
Nintendo Game Boy Advance2003Donkey Kong Country
11%
Nintendo Game Boy Color (port)2000Donkey Kong Country
11%
Super Nintendo Entertainment System1994Donkey Kong Country
11%
Super Nintendo Entertainment System1995Donkey Kong Country 2: Diddy Kong's Quest
11%
Nintendo Game Boy Advance2004Donkey Kong Country 2: Diddy Kong's Quest
11%
Nintendo Game Boy Advance2005Donkey Kong Country 3: Dixie Kong's Double Trouble!
11%
Super Nintendo Entertainment System1996Donkey Kong Country 3: Dixie Kong's Double Trouble!
11%
Nintendo Wii2010Donkey Kong Country Returns
11%
Nintendo 3DS2013Donkey Kong Country Returns 3D
11%
Nintendo Wii U2014Donkey Kong Country: Tropical Freeze
11%
Nintendo Switch2018Donkey Kong Country: Tropical Freeze
11%
Nintendo Gamecube2004Donkey Kong Jungle Beat
11%
Nintendo Game Boy1995Donkey Kong Land
11%
Nintendo Game Boy1996Donkey Kong Land 2
11%
Wii U eShop2013Dr. Luigi
11%
Nintendo 642001Dr. Mario 64
11%
Nintendo Game Boy Advance2005Dr. Mario & Puzzle League
11%
DSiWare2008Dr. Mario Express
11%
3DS eShop2011Dr. Mario Express
11%
3DS eShop2015Dr. Mario: Miracle Cure
11%
WiiWare2008Dr. Mario Online Rx
11%
Nintendo Wii U2013Game & Wario
11%
Nintendo Entertainment System1984Golf
11%
Nintendo 3DS2012Mario & Sonic at the London 2012 Olympic Games
11%
Nintendo Wii2011Mario & Sonic at the London 2012 Olympic Games
11%
Nintendo Wii2007Mario & Sonic at the Olympic Games
11%
Nintendo Switch2019Mario & Sonic at the Olympic Games Tokyo 2020
11%
Nintendo Wii2009Mario & Sonic at the Olympic Winter Games
11%
Nintendo DS2009Mario & Sonic at the Olympic Winter Games
11%
Nintendo Wii U2016Mario & Sonic at the Rio 2016 Olympic Games
11%
Nintendo Wii U2013Mario & Sonic at the Sochi 2014 Olympic Winter Games
11%
Nintendo DS2008Mario and Sonic at the Olympic Games
11%
Nintendo 3DS2016Mario and Sonic at the Rio 2016 Olympic Games
11%
Nintendo Virtual Boy1995Mario Clash
11%
Nintendo Game Boy Advance2004Mario Golf: Advance Tour
11%
Switch eShop2020Mario Kart Live: Home Circuit
11%
Super Nintendo Entertainment System1992Mario Paint
11%
Nintendo Switch2022 (Upcoming)Mario + Rabbids Sparks of Hope
11%
Nintendo Wii2010Mario Sports Mix
11%
Nintendo 3DS2017Mario Sports Superstars
11%
Nintendo DS2006Mario vs. Donkey Kong 2: March of the Minis
11%
Nintendo Wii U2015Mario vs. Donkey Kong: Tipping Stars
11%
Nintendo 3DS2015Mario vs. Donkey Kong: Tipping Stars
11%
Nintendo Wii2008New Play Control! Donkey Kong Jungle Beat
11%
Nintendo 3DS2017Poochy & Yoshi's Woolly World
11%
Nintendo DS2004Super Mario 64 DS
11%
Super Nintendo Entertainment System1993Super Mario All-Stars
11%
Nintendo Wii2010Super Mario All-Stars Limited Edition
11%
Super Nintendo Entertainment System1994Super Mario All-Stars + Super Mario World
11%
Nintendo Game Boy Color1999Super Mario Bros. Deluxe
11%
Nintendo Wii2008Super Smash Bros. Brawl
11%
Nintendo 3DS2014Super Smash Bros. for Nintendo 3DS
11%
Nintendo Wii U2014Super Smash Bros. for Wii U
11%
Nintendo Gamecube2001Super Smash Bros. Melee
11%
Nintendo Switch2018Super Smash Bros. Ultimate
11%
Nintendo Game Boy Advance2001Wario Land 4
11%
Nintendo Wii2008Wario Land: Shake It!
11%
Super Nintendo Entertainment System (port)1994Wario's Woods
11%
Nintendo Entertainment System1994Wario's Woods
11%
Nintendo DS2009WarioWare: D.I.Y.
11%
Nintendo Switch2021WarioWare: Get It Together!
11%
Nintendo 3DS2018WarioWare Gold
11%
Nintendo Game Boy Advance2003WarioWare Inc.: Mega Microgame$!
11%
Nintendo Wii2006WarioWare: Smooth Moves
11%
DSiWare2008WarioWare: Snapped!
11%
3DS eShop2011WarioWare: Snapped!
11%
Nintendo DS2004WarioWare: Touched!
11%
DSiWare2016WarioWare: Touched! DL
11%
Nintendo Game Boy Advance2004WarioWare: Twisted!
11%
Nintendo Entertainment System1985Wrecking Crew
11%
Super Nintendo Entertainment System (port)1993Yoshi's Cookie
11%
Nintendo Game Boy1992Yoshi's Cookie
11%
Nintendo Entertainment System1992Yoshi's Cookie
11%
Nintendo Switch2019Yoshi's Crafted World
11%
Nintendo Wii U2015Yoshi's Woolly World
11%
Nintendo DS2005Yoshi Touch & Go
11%
Nintendo Wii U2015amiibo tap: Nintendo's Greatest Bits
0%
Switch eShop2017Arcade Archives: Mario Bros.
0%
Switch eShop2017Arcade Archives: Vs. Super Mario Bros.
0%
Switch eShop2020Arcade Archives: Vs. Wrecking Crew
0%
Nintendo Switch2018Captain Toad: Treasure Tracker
0%
Nintendo 3DS2018Captain Toad: Treasure Tracker
0%
Nintendo Wii U2014Captain Toad: Treasure Tracker
0%
Nintendo Gamecube2005Dance Dance Revolution: Mario Mix
0%
Nintendo 641997Diddy Kong Racing
0%
Nintendo DS2007Diddy Kong Racing DS
0%
Nintendo Gamecube2004Donkey Konga 2
0%
Game & Watch1984Donkey Kong Circus
0%
Nintendo Entertainment System1988Donkey Kong Classics
0%
Super Nintendo Entertainment System1994Donkey Kong Country Competition Cartridge
0%
Game & Watch1984Donkey Kong Hockey
0%
Game & Watch1983Donkey Kong II
0%
Nintendo Entertainment System1983Donkey Kong Jr. Math
0%
Nintendo Game Boy1997Donkey Kong Land III
0%
iOS/Android2019Dr. Mario World
0%
Nintendo Wii2011Fortune Street
0%
3DS eShop2011Game & Watch: Donkey Kong Jr.
0%
Nintendo Game Boy1997Game & Watch Gallery
0%
Nintendo Game Boy Color (port)1998Game & Watch Gallery 2
0%
Nintendo Game Boy Color1999Game & Watch Gallery 3
0%
Nintendo Game Boy Advance2002Game & Watch Gallery 4
0%
3DS eShop2011Game & Watch: Mario's Cement Factory
0%
DSiWare2009Game & Watch: Mario's Cement Factory
0%
3DS eShop2013Mario and Donkey Kong: Minis on the Move
0%
DSiWare2009Mario Calculator
0%
3DS eShop2011Mario Calculator
0%
3DS eShop2011Mario Clock
0%
DSiWare2009Mario Clock
0%
Super Nintendo Entertainment System (port)1993Mario is Missing!
0%
Nintendo Entertainment System (port)1993Mario is Missing!
0%
Nintendo Game Boy Advance2004Mario Pinball Land
0%
Game & Watch1983Mario's Bombs Away
0%
Nintendo Mini Classics1998Mario's Cement Factory
0%
Game & Watch1983Mario's Cement Factory
0%
Super Nintendo Entertainment System (port)1994Mario's Early Years! Fun with Letters
0%
Super Nintendo Entertainment System (port)1994Mario's Early Years! Fun with Numbers
0%
Super Nintendo Entertainment System (port)1994Mario's Early Years! Preschool Fun
0%
Nintendo Game Boy1995Mario's Picross
0%
Nintendo Entertainment System1994Mario's Time Machine
0%
Super Nintendo Entertainment System (port)1993Mario's Time Machine
0%
Game & Watch1991Mario the Juggler
0%
Nintendo DS2010Mario vs. Donkey Kong: Mini-Land Mayhem!
0%
3DS eShop2011Mario vs. Donkey Kong: Minis March Again!
0%
DSiWare2009Mario vs. Donkey Kong: Minis March Again!
0%
3DS eShop2016Mini Mario & Friends: amiibo Challenge
0%
Wii U eShop2016Mini Mario & Friends: amiibo Challenge
0%
Nintendo Entertainment System1991NES Open Tournament Golf
0%
Nintendo Wii U2014NES Remix Pack
0%
Nintendo Wii U2013New Super Luigi U
0%
Nintendo Wii U2013New Super Mario Bros. U + New Super Luigi U
0%
Nintendo Wii U2012Nintendo Land
0%
3DS eShop2013Photos with Mario
0%
Nintendo Entertainment System1984Pinball
0%
Nintendo 3DS2015Puzzle & Dragons: Super Mario Bros. Edition
0%
Nintendo 3DS2014Ultimate NES Remix
0%
Nintendo Game Boy1994Wario Blast: Featuring Bomberman!
0%
Nintendo Game Boy1998Wario Land II
0%
Nintendo Game Boy Color (port)1998Wario Land II
0%
Nintendo Game Boy1994Wario Land: Super Mario Land 3
0%
Nintendo DS2007Wario: Master of Disguise
0%
WiiWare2009WarioWare: D.I.Y. Showcase
0%
Nintendo Gamecube2003WarioWare Inc.: Mega Party Game$!
0%
Super Nintendo Entertainment System1993Yoshi's Safari
0%
Nintendo Game Boy Advance2004Yoshi Topsy-Turvy
0%

Score Distribution

Percentile by Number Answered

Percent of People with Each Score

Your Score History

You have not taken this quiz